000
00225nam a22001097a 4500
082
_a
620.46 ILY
100
_a
ILYIN,V
_9
79054
245
_a
REMOTE CONTROL SYSTEMS
260
_a
PDF
_b
PDF
_c
1973
300
_a
349P
942
_c
BK
999
_c
584122
_d
584122